Kết quả nghiên cứu Khoa Học Kỹ Thuật 1976 - 1980
Đã lưu trong:
| Formáid: | Leabhar |
|---|---|
| Teanga: | Undetermined |
| Foilsithe: |
Tp. HCM
Công Ty in số 2
1981
|
| Ábhair: | |
| Clibeanna: |
Cuir Clib Leis
Gan Chlibeanna, Bí ar an gcéad duine leis an taifead seo a chlibeáil!
|
| Thư viện lưu trữ: | Trung tâm Học liệu Trường Đại học Cần Thơ |
|---|
| LEADER | 00449nam a2200157Ia 4500 | ||
|---|---|---|---|
| 001 | CTU_23413 | ||
| 008 | 210402s9999 xx 000 0 und d | ||
| 082 | |a 630 | ||
| 082 | |b K207 | ||
| 245 | 0 | |a Kết quả nghiên cứu Khoa Học Kỹ Thuật 1976 - 1980 | |
| 260 | |a Tp. HCM | ||
| 260 | |b Công Ty in số 2 | ||
| 260 | |c 1981 | ||
| 650 | |a agriculture | ||
| 904 | |i Lan, 970612 | ||
| 980 | |a Trung tâm Học liệu Trường Đại học Cần Thơ | ||